Spoločnosť s ručením obmedzeným

Gespeichert in:
Bibliographische Detailangaben
1. Verfasser: Behún, Peter
Format: Buch
Sprache:Slowakisch
Veröffentlicht: Bratislava STU FCHPT 2009
Online-Zugang:Im OPAC anzeigen
Tags: Tag hinzufügen
Keine Tags, Fügen Sie das erste Tag hinzu!

MARC

LEADER 00000nam a2200000 a 4500
005 20260127134015.0
008 090904 2009 xo 000 0 slo d
035 |a vtls009946883 
039 9 |y 200909041128  |z mschk03 
040 |a STUSCHK1  |b slo  |c STUSCHK1  |e AACR2 
100 1 |a Behún, Peter 
245 1 |a Spoločnosť s ručením obmedzeným  |c Peter Behún 
260 |a Bratislava  |b STU FCHPT  |c 2009 
300 |a 27 s.  |b il.  |c 30 cm 
500 |a Obháj.: 27.8. 2009 
500 |a Študijný program: automatizácia, informatizácia a manažment v chémii a potravinárstve 
500 |a Bakalárska práca 
500 |a Ústav manažmentu STU Bratislava, detašované pracovisko Humenné 
500 |a Kombinácia študijných odborov: 5.2.14 automatizácia, 5.2.52 priemyselné inžinierstvo 
910 |a SCHK95 
999 |c 1979  |d 1979